| 000 | 01320nam a22002894c 4500 | ||
|---|---|---|---|
| 003 | AR-BaSMT | ||
| 008 | 260520b2021 aga|||br|||| 000 1|spa d | ||
| 020 | _a9789877670882 | ||
| 040 |
_aBSGB _bespañol _cBSGB _erda |
||
| 041 | 0 |
_aspa _hespañol |
|
| 080 | _a82-34 | ||
| 100 | 1 |
_aDema, Pablo _9522 |
|
| 245 | 1 | 0 | _aLía y el mar |
| 250 | _aPrimera edición | ||
| 264 | 1 |
_aBuenos aires : _bPlaneta lector , _c2021 |
|
| 300 |
_a56 páginas ; _bilustraciones color |
||
| 336 |
_2rdacontent _atexto _btxt |
||
| 337 |
_2rdamedia _asin mediación _bn |
||
| 338 |
_2rdacarrier _avolumen _bnc |
||
| 490 | _aPlaneta amarillo | ||
| 520 | 0 |
_aLa primera vez que Lía ve el mar, le parece horrible, horrible. Y el mar se queda preocupado. Pero con el correr del tiempo van teniendo otros encuentros, reuniones en las que Lía comienza a conocerlo, a entrar en confianza, a verlo como una amiga más, para terminar sintiendo que puede fundirse en él como si fueran una misma gota de agua.
Lía y el mar tienen una relación fuerte, intensa, que sube y baja como las olas. O como la vida misma. _uhttps://www.planetalector.com.ar/libros/lia-y-el-mar/306127/ 20/05/2026 |
|
| 521 | _aA partir de 5 años | ||
| 650 | 7 |
_98 _aLITERATURA INFANTIL |
|
| 650 | 7 |
_923 _aCUENTO _zArgentina |
|
| 942 |
_2ddc _aBOOK |
||
| 999 |
_c694 _d694 |
||